| 000 | 02198nam a22005297a 4500 | ||
|---|---|---|---|
| 001 | 000095979 | ||
| 003 | CHAP | ||
| 005 | 20220817044118.0 | ||
| 008 | 060622d2005 fr r 00110 spa d | ||
| 010 | _a92445 | ||
| 011 | _a93417 | ||
| 020 | _a9253053445 | ||
| 035 | _a103990 | ||
| 040 | _cCHAP | ||
| 082 | 0 | 4 |
_a338.16 _bOe2 |
| 110 | 2 |
_aOrganización para la Cooperación y el Desarrollo Económicos. París _983559 |
|
| 245 | 1 | 0 |
_aOCDE-FAO Perspectivas agrícolas / _c/por OCDE. |
| 260 |
_aParis : _bOCDE : FAO, _c2005-. |
||
| 300 |
_av. : _bgráfs. ; tablas. |
||
| 500 | _aLa biblioteca tiene : 2005-14, 2007-16, 2009-18, 2010-19, 2011-20, 2012-21, 2013-22, 2011-2020 | ||
| 590 |
_aBATCH-UPD _b10 _c20130110 _lUCH01 _h1331 |
||
| 590 |
_aBATCH-UPD _b10 _c20130410 _lUCH01 _h0836 |
||
| 590 |
_aBATCH-UPD _b10 _c20130914 _lUCH01 _h0211 |
||
| 590 |
_aCONVERSION _b10 _c20130109 _lUCH01 _h1351 |
||
| 590 |
_aE5995AHE _b05 _c20140620 _lUCH01 _h0928 |
||
| 590 |
_aE6096MTM _b05 _c20140203 _lUCH01 _h1004 |
||
| 590 |
_aE6096MTM _b05 _c20140203 _lUCH01 _h1005 |
||
| 650 | 1 | 4 |
_aAlimentos _xAbastecimiento. |
| 650 | 1 | 4 |
_aAzúcar _xMercadeo. _99164 |
| 650 | 1 | 4 |
_aCarne _xMercadeo. _919090 |
| 650 | 1 | 4 |
_aCereales _xMercadeo. _921435 |
| 650 | 1 | 4 |
_aProductos agrícolas _xMercadeo. _991951 |
| 650 | 1 | 4 |
_aProductos lácteos _xMercadeo. _992134 |
| 650 | 1 | 4 |
_aSemillas oleaginosas _xMercadeo. _9103950 |
| 710 | 0 | _aFAO. | |
| 901 | _aBK | ||
| 905 | _aAlejandra Carrasco M. | ||
| 942 | _cLIBRO | ||
| 942 | _n0 | ||
| 949 |
_a338.16 Oe2 _bBC _cLIBRO _d33724000992806 _eLIBRO _f2005-14 _gDonaciØn _h107762 _i103990 _sb |
||
| 949 |
_a338.16 Oe2 _bBC _cLIBRO _d33724002099082 _eLIBRO _f2007-16 _gDonaciØn _h113769 _i103990 _sb |
||
| 949 |
_a338.16 Oe2 _bBC _cLIBRO _d33724002167082 _eLIBRO _f2009-18 _gDonaciØn _h113769 _i103990 _sb |
||
| 949 |
_a338.16 Oe2 _bBC _cLIBRO _d33724002233545 _eLIBRO _f2009-19 _gDonaciØn _h114081 _i103990 _sb |
||
| 949 |
_a338.16 Oe2 _bBC _cLIBRO _d33724002245553 _eLIBRO _f2009-19 c.2 _gDonaciØn _h115333 _i103990 _si |
||
| 949 |
_a338.16 Oe2 _bBC _cLIBRO _d33724002310842 _eLIBRO _f2009-19 c.3 _gDonaciØn _h115785 _i103990 _sb |
||
| 949 |
_a338.16 Oe2 _bBC _cLIBRO _d33724002318512 _eLIBRO _f2009-20 _gDonaciØn _h116278 _i103990 _si |
||
| 999 |
_c92445 _d92445 |
||